Congreso de Ciencias del Mar XXXV

Đã lưu trong:
Chi tiết về thư mục
Định dạng: Sách
Ngôn ngữ:Tiếng Tây Ban Nha
Được phát hành: Coquimbo Universidad Católica del Norte 2015
Phiên bản:1a. ed
Những chủ đề:
Các nhãn: Thêm thẻ
Không có thẻ, Là người đầu tiên thẻ bản ghi này!

MARC

LEADER 00000cam a2200000 a 4500
001 UCC8239
003 CL-VaPUC
005 20220315074422.0
008 190617e20150000cl 1 spa d
082 0 4 |a 551.46  |b CON  |2 21 
245 1 0 |a Congreso de Ciencias del Mar XXXV 
246 1 0 |a XXXV Congreso de Ciencias del Mar: ciencias del mar para Chile. Libro de resúmenes 
250 |a 1a. ed 
260 |a Coquimbo  |b Universidad Católica del Norte  |c 2015 
300 |a 269 p 
583 |a last modification  |c 20190909 09:30:10  |k Rodrigo Vera 
650 0 7 |a CIENCIAS DEL MAR  |2 CL-VaPUC  |9 261896 
650 0 0 |a Congresos  |9 257560 
650 0 0 |a Biología marina  |9 259965 
942 |c BK 
945 |a dcastane  |d 20190617 11:18:00 
546 |a En Español 
536 |a Universidad Católica del Norte, 35, Coquimbo-La Serena, 25-29 de mayo de 2015 
999 |c 384962  |d 384960 
952 |0 0  |1 0  |2 ddc  |3 erb  |4 0  |6 551_460000000000000_CON_2015  |7 0  |8 A  |9 507976  |a BIBCUR  |b BIBCUR  |i 5591392  |o 551.46 CON 2015  |p 5591392  |r 2025-04-22  |w 2020-01-23  |y BK  |z Catalogado en:20190617  |k CIM